<?xml version="1.0" encoding="UTF-8"?>
<marc:record xmlns:marc="http://www.loc.gov/MARC21/slim">
   <marc:leader>00000nam a2200000 a 4500</marc:leader>
   <marc:datafield ind1="1" ind2=" " tag="100">
      <marc:subfield code="a">Nevis, Ben</marc:subfield>
      <marc:subfield code="4">aut</marc:subfield>
      <marc:subfield code="e">Verfasser/-in</marc:subfield>
   </marc:datafield>
   <marc:datafield ind1="0" ind2="0" tag="245">
      <marc:subfield code="a">Die drei ???  Der namenlose Gegner</marc:subfield>
   </marc:datafield>
   <marc:datafield ind1="0" ind2="0" tag="245">
      <marc:subfield code="c">Nevis, Ben</marc:subfield>
   </marc:datafield>
   <marc:datafield ind1=" " ind2="1" tag="264">
      <marc:subfield code="c">2009</marc:subfield>
   </marc:datafield>
   <marc:datafield ind1="1" ind2=" " tag="490">
      <marc:subfield code="a">Die drei ???</marc:subfield>
   </marc:datafield>
   <marc:datafield ind1=" " ind2=" " tag="250">
      <marc:subfield code="a">1. Auflage</marc:subfield>
   </marc:datafield>
   <marc:datafield ind1="1" ind2=" " tag="520">
      <marc:subfield code="a">In dem sonst so idyllischen Vorort Seven Pines droht ein Nachbarschaftskrieg auszuarten. Die aufgebrachten Anwohner bitte die drei??? um Hilfe. &#xD;
Doch Bob wird bei einer nächtlichen Beschattungsaktion verletzt und verliert das Bewusstsein. Als er wieder zu sich kommt, weiß er nicht mehr, wer er ist!&#xD;
Das nutzt ein alter Feind der drei ??? gnadenlos aus. Während der dritte Detektiv nun auf unerwartete Abwege gerät, bekommen Justus und Peter es mit einem gefährlichen Gegner zu tun. &#xD;
Schnell wird aus einem scheinbar harmlosen Routinefall eine harte Probe für das berühmte Trio aus Rocky Beach- womöglich die härteste, die es für sie geben kann...</marc:subfield>
   </marc:datafield>
   <marc:datafield ind1=" " ind2=" " tag="020">
      <marc:subfield code="a">9783440118771</marc:subfield>
      <marc:subfield code="9">9783440118771</marc:subfield>
   </marc:datafield>
   <marc:datafield ind1=" " ind2=" " tag="041">
      <marc:subfield code="a">ger</marc:subfield>
   </marc:datafield>
   <marc:datafield ind1=" " ind2=" " tag="300">
      <marc:subfield code="a">127 Seiten</marc:subfield>
   </marc:datafield>
</marc:record>
